00890nam a22002297a 45000010005000000030006000050050017000110080041000280200018000690400029000870500008001160820012001241000025001362450066001612600041002273000062002685050007003305200254003375210027005915210018006186500024006369851FISKH20260305141137.0260305b cb ||||| |||| 00| 0 eng d a9780563475972 aFISKHbengcFISKHdFISKH aPZ7 a823.914 aFogden, EmmaeAuthor aBob the builder : bMagnetic Lofty /cWritten by Emma Fogden  aLondon : bHIT Entertainment ,c1998 a22 unnumbered pages :bcolor illustrations ; c12 x 16 cm aG  aLofty is the star of this adventure. The team is taking up some old railway racks. Lofty has a magnet attached to his arm but he has to to keep it under control. Lofty redeems himself at the end when he puts his magnet to good use and saves the day.8 a300 bLexile estimate 8 aG bRaz-Plus  aAdventure vTrucks